Séries Netflix - Statistiques

Statistiques générales
  • Ce quiz a été pris 762 fois
  • Le résultat moyen est 5 sur 45
Statistiques - réponses
temps réponses % Correct
35,1h Stranger Things
68%
39,1h La casa de papel
63%
82h Riverdale
38%
16,5h Outer banks
36%
49h Breaking Bad
35%
8,2h Squid Game
35%
64h Prison Break
29%
21,1h Sex Education
27%
122,3h The Walking Dead
27%
68,6h The 100
26%
7,6h Lupin
25%
25,1h The Umbrella Academy
18%
55,8h Teen Wolf
15%
14,2h The rain
8%
27,7h Cobra Kai
7%
21,4h Locke & Key
6%
19,5h Atypical
5%
12,7h Qui ment ?
5%
78,9h The flash
5%
14,5h Control z
3%
19,6h The Good Place
3%
5,5h The Watcher
3%
28,3h Titans
3%
9,4h Ragnarok
2%
18,5h Rick et Morty
2%
7,7h Daybreak
1%
9,5h How to sell drugs online (fast)
1%
2,6h I am not okay with this
1%
5,2h Les 7 vies de Léa
1%
19,1h sherlock
1%
5,7h The end of the f***ing world
1%
9,6h The Haunting Of Hill House
1%
27,2h Zoo
1%
3,2h Best. Worst. Weekend. Ever
0%
12,7h Comment élver un super-héro
0%
6,2h Kaleidoscope
0%
3,4h Keep Breathing
0%
7h La casa de papel Korea
0%
1,7h La casa de papel Tokyo à Berlin
0%
5,7h Le dernier bus
0%
4,6h Le flambeau
0%
1,8h Man vs bee
0%
4,7h The I-Land
0%
9,7h The Inbestigators
0%
5,8h WandaVision
0%
Aucun quiz correspondant
Distribution des résultats
% des personnes avec chaque résultat
Percentile par nombre de réponses
Votre historique - résultats
Vous n’avez pas pris ce quiz